O menino gordo (Record no. 46061)

MARC details
000 -Etiqueta do registo
Valores 00476cam a22001931 04500
100 ## - Dados gerais de processamento
Dados gerais 19601201d1960 c y0pory5003 ba
101 0# - Língua de publicação
Língua por
102 ## - País de publicação
País PT
200 1# - Titulo e menção de responsabilidade
Título próprio O menino gordo
Primeira menção de responsabilidade Isabel Maria Vaz Raposo
210 #9 - Publicação
Local de publicação Lisboa
Nome do editor Verbo,
Data de publicação [D.L. 1960]
215 ## - Descrição física 
Paginação / Volumes 22 f.
Outras indicações físicas il.
Dimensões 22 cm
225 2# - Colecção 
Título próprio da colecção Cavalinho preto
314 ## - Responsabilidade Intelectual
Texto da nota Isabel Maria Vaz Raposo (Bió)
675 ## - CDU
Notação 087.5
Edição med
Língua por
700 #0 - Autor principal
Apelido Bió,
801 #0 - Fonte de origem
País PT
Agência BN
Regras de catalogação RPC
990 ## - Elementos KOHA
Tipo de documento Livro
Holdings
Aquisição Empréstimo Código de barras Cota Permissão de empréstimo Tipo de documento
Biblioteca do Centro Escolar de Montoito Biblioteca do Centro Escolar de Montoito 82942 82-93 RAP LIT. INF. JUV.   Livro

Powered by Koha